000
00321nam a2200121Ia 4500
005
20251222143219.0
008
251222s9999||||xx |||||||||||||| ||spa||
082
_a
150.985/A35
100
_a
Alarcón, Reynaldo
245
0
_a
Historia de la psicología en el Perú:
264
_b
Universidad Ricardo Palma
942
_c
LIB
999
_c
13762
_d
13762